| 000 | 00971cam a2200301u 4500 | ||
|---|---|---|---|
| 008 | 140817s2002 tu 000 0 tur | ||
| 020 | _a9756769505 | ||
| 020 | _a9789756769508 | ||
| 040 |
_aEG-GiCUC _btur _cEG-GiCUC |
||
| 050 | 0 | 0 |
_aBX3731 _b.A6 2002 |
| 092 | 0 | 4 |
_a279.15 _bV134 _221 |
| 099 |
_a04 _a279.15 V134 |
||
| 100 | 1 | _aGun̈gor̈, Ali Iṡra. | |
| 245 | 1 | 0 |
_aCizvitler ve Katolik Kilisesi'ndeki yeri / _cAli Iṡra Gun̈gor̈. |
| 260 |
_aAnkara: _bASAM, _c2002. |
||
| 300 |
_axvi, 252 p.; _c21 cm. |
||
| 490 | 1 |
_aAvrasya-Bir Vakfı ASAM Yayınları, _v3., 39. |
|
| 490 | 1 | _aAvrupa arasţırmaları dizisi | |
| 504 | _aIncludes bibliographical references (243-252) and index. | ||
| 610 | 2 | 0 |
_aJesuits _xHistory. |
| 610 | 2 | 0 |
_aJesuits _xMissions _xHistory. |
| 650 | 0 |
_aCatholic Church _xHistory. |
|
| 902 | _a1 | ||
| 905 |
_aEman _eRev. |
||
| 905 |
_aJamal _eCat. |
||
| 942 |
_2ddc _cBK |
||
| 999 |
_c134494 _d134494 |
||